ბათუმის შოთა რუსთაველის სახელმწიფო უნივერსიტეტის ბიბლიოთეკა

მანქანათა ნაწილები.გაანგარიშების ტიპური მაგალითები და საკონტროლო ამოცანები. (ბიბ.ჩანაწერი № 44370)

000 -LEADER
fixed length control field 00991nam a2200217Ia 4500
001 - CONTROL NUMBER
control field 11132
003 - CONTROL NUMBER IDENTIFIER
control field GE_BSU
008 - FIXED-LENGTH DATA ELEMENTS--GENERAL INFORMATION
fixed length control field 181216s||||||||xx |||||||||||||| ||und||
040 ## - CATALOGING SOURCE
Transcribing agency GE_BSU
080 ## - UNIVERSAL DECIMAL CLASSIFICATION NUMBER
Universal Decimal Classification number 621.81(075.8)
100 ## - MAIN ENTRY--PERSONAL NAME
Personal name ეზიკაშვილი,ო. ჭელიძე,დ.
245 ## - TITLE STATEMENT
Title მანქანათა ნაწილები.გაანგარიშების ტიპური მაგალითები და საკონტროლო ამოცანები.
245 ## - TITLE STATEMENT
Statement of responsibility, etc. რედ:ჩ.გურგენიძე.
260 ## - PUBLICATION, DISTRIBUTION, ETC.
Place of publication, distribution, etc. თბილისი.
260 ## - PUBLICATION, DISTRIBUTION, ETC.
Name of publisher, distributor, etc. განათლება.
260 ## - PUBLICATION, DISTRIBUTION, ETC.
Date of publication, distribution, etc. 1984.
300 ## - PHYSICAL DESCRIPTION
Extent 720გვ;22სმ.
300 ## - PHYSICAL DESCRIPTION
Accompanying material ცხრ.გვ.625-719.
653 ## - INDEX TERM--UNCONTROLLED
Uncontrolled term მანაქანათა ნაწილები.გაანგარიშების ტიპური მაგალითები და საკონტროლო ამოცანები.
942 ## - ADDED ENTRY ELEMENTS (KOHA)
Koha item type წიგნი
ეგზემპლარები
Withdrawn status Lost status Damaged status Not for loan Date acquired Barcode Date last seen Price effective from Koha item type
        2018-12-17 19229 2018-12-17 2018-12-17 წიგნი
        2018-12-17 19230 2018-12-17 2018-12-17 წიგნი
        2018-12-17 19231 2018-12-17 2018-12-17 წიგნი